Study On The Changes In The Land Market In Koy Meng Commune Mongkul Borey District Banteay Mean Chey Province,សិក្សាពីបម្រែបម្រួលទីផ្សារដីធ្លី ឃុំគយម៉ែង ស្រុកមង្គលបូរ ខេត្តបន្ទាយមានជ័យ (Record no. 25340)
[ view plain ]
| 000 -LEADER | |
|---|---|
| fixed length control field | 00603nam a22001217a 4500 |
| 040 ## - CATALOGING SOURCE | |
| Transcribing agency | RUA |
| 082 ## - DEWEY DECIMAL CLASSIFICATION NUMBER | |
| Classification number | LMA MON 2024 B701 Or.1 |
| 100 ## - MAIN ENTRY--AUTHOR NAME | |
| Personal name | MON SOCHEAT, មន សុជាតិ |
| 245 ## - TITLE STATEMENT | |
| Title | Study On The Changes In The Land Market In Koy Meng Commune Mongkul Borey District Banteay Mean Chey Province,សិក្សាពីបម្រែបម្រួលទីផ្សារដីធ្លី ឃុំគយម៉ែង ស្រុកមង្គលបូរ ខេត្តបន្ទាយមានជ័យ |
| 260 ## - PUBLICATION, DISTRIBUTION, ETC. (IMPRINT) | |
| Place of publication | PHNOM PENH |
| Name of publisher | RUA |
| Year of publication | 2024 |
| 300 ## - PHYSICAL DESCRIPTION | |
| Number of Pages | xi, |
| Other physical details | ill, |
| Dimensions | 29cm, |
| 942 ## - ADDED ENTRY ELEMENTS (KOHA) | |
| Koha item type | LMA |
| 952 ## - LOCATION AND ITEM INFORMATION (KOHA) | |
| Withdrawn status [LOCAL, KOHA] | 0 |
| 952 ## - LOCATION AND ITEM INFORMATION (KOHA) | |
| Withdrawn status [LOCAL, KOHA] | 0 |
| Permanent Location | Date acquired | Koha item type | Lost status | Shelving location | Barcode | Current Location | Full call number |
|---|---|---|---|---|---|---|---|
| Library Block B | 2025-06-23 | LMA | B701 | A083934 | Library Block B | LMA MON 2024 B701 Or.1 | |
| Library Block B | 2025-06-23 | LMA | B701 | A083922 | Library Block D | LMA MON 2024 B701 Or.2 |